| 000 | 01177nam a22003017a 4500 | ||
|---|---|---|---|
| 005 | 20240530110432.0 | ||
| 008 | 150402s2011 ua od a 000 0 ara d | ||
| 017 |
_a2010/23469 _bمصر . دار الكتب المصرية |
||
| 020 | _a9789774557071 | ||
| 040 | _aEG-CaGPL | ||
| 082 | 0 | 1 |
_221 _a530 _bط/ر أ |
| 100 | 1 |
_aريلى ، بيتر _qبيتر ريلى |
|
| 245 | 1 | 2 |
_aالارض و القمر و الشمس / _cتاليف بيتر ريلى ؛ ترجمة قسم الترجمة بدار الفاروق للاستثمارات الثقافية |
| 250 | _aط1 | ||
| 260 |
_aالقاهرة : _bدار الفاروق للاستثمارات الثقافية ، _c2011 . |
||
| 300 |
_a31 ص : _bايض ؛ _c28 سم |
||
| 490 | 0 | _aاساسيات العلوم | |
| 650 | 0 | 4 | _aالارض |
| 650 | 0 | 4 | _aفيزياء الارض |
| 650 | 0 | 4 |
_aالارض _xعلوم |
| 650 | 0 | 4 | _aالفضاء |
| 650 | 0 | 4 | _aالنظام الشمسى |
| 650 | 0 | 4 | _aالشمس |
| 650 | 0 | 4 | _aالقمر |
| 710 | 2 |
_aقسم الترجمة بدار الفاروق للاستثمارات الثقافية _eمترجم |
|
| 942 |
_2ddc _cBK |
||
| 999 |
_c60874 _d60874 |
||